• 首页
  • 本馆介绍
  • 公告通知
  • 最新文献
  • 馆藏检索
  • 电子资源
  • 读者导购
  • 参考咨询
  • 我的图书馆
  • 登录
  • 详细信息显示
  • 放入我的书架
  • 预约/预借图书
  • 作者相关作品
  • 分类相关作品
  • 丛书相关作品
  • 出版社相关作品

书目信息

  • 表格格式
  • 工作单格式
  • 卡片格式
题名:
海怪
    
 
作者: 柯南道尔 , Conan Doyle 著 ;石岩山 译
分册:  
出版信息: 上海   上海译文出版社  1986
页数: 221页
开本: 19cm
丛书名:
单 册:
中图分类: H319.4 , I561.44 , H319.5
科图分类:
主题词: 侦探小说--英国--近代--对照读物--英、中
电子资源:
ISBN:
000 00833nam0 2200301 45
001 0186015968
005 20040513100229.8
010    @dCNY1.20
091    @a9188.300
100    @a19900813d1986 em y0chiy0121 ea
101 2  @achi@aeng
102    @aCN@b310000
105    @af z 000ay
106    @ar
200 10 @a海怪@Ahai guai@e简写本@f(英)柯南道尔(ConanDoyle,A.)著@g石岩山译
210    @a上海@c上海译文出版社@d1986
215    @a221页@c图@d19cm
300    @a英汉对照
606    @a侦探小说@y英国@z近代@x对照读物@x英、中
690    @aH319.4@v3
690    @aI561.44@v3
690    @aH319.5
701  1 @a柯南道尔@Ake nan dao er@bA.@4著
701 A1 @aConan Doyle@bA.@4著
702  0 @a石岩山@Ashi yan shan@4译
801  0 @aCN@b深圳图书馆@c20040513
801  2 @aCN@bNLC@c20040513
905    @f4@b160761-764@dH319.5@e85
    
    海怪:简写本/(英)柯南道尔(ConanDoyle,A.)著/石岩山译.-上海:上海译文出版社,1986
    221页:图;19cm
    英汉对照
    
    ISBN :CNY1.20
    
●
相关链接 在E读中查询图书 在五车中查询图书 在当当中查询图书 在豆瓣中查询图书


正题名:海怪     索取号:H319.5/85         预约/预借

序号 登录号 条形码 馆藏地/架位号 状态 备注
1 0160761   001082580   密集书库/ [索取号:H319.5/85] 在馆    
2 0160762   001082535   密集书库/ [索取号:H319.5/85] 在馆    
3 0160763   001082544   密集书库/ [索取号:H319.5/85] 在馆    
4 0160764   001082599   密集书库/ [索取号:H319.5/85] 在馆    
5 0160765   001082606   密集书库/ [索取号:H319.5/85] 在馆    
唐山师范学院图书馆 欢迎您!
大连网信软件有限公司© 版权所有